000 00508nam a2200169Ia 4500
999 _c2758
_d2758
008 200103s 2000 ||||xx |||||||||||||| ||und||
082 _a623.87
_bGOK
100 _aGokhale, Vikram
245 0 _aAdvanced marine engineering knowledge : vol II
260 _bEngee Enterprises
_c2000
_aMumbai
300 _a202p.
650 _aMarine Fuel Combustion and efficiency
650 _aFire Protection
650 _aMarine Insurance, P & I and Chartering
700 _aNanda, N.
_eCo-author
942 _cBK